<?xml version="1.0" encoding="UTF-8"?>
<record
    xmlns:xsi="http://www.w3.org/2001/XMLSchema-instance"
    xsi:schemaLocation="http://www.loc.gov/MARC21/slim http://www.loc.gov/standards/marcxml/schema/MARC21slim.xsd"
    xmlns="http://www.loc.gov/MARC21/slim">

  <leader>00875nac a22002051u 4500</leader>
  <controlfield tag="008">080902s        ua|||||r|||| 000 0 ara d</controlfield>
  <datafield tag="020" ind1=" " ind2=" ">
    <subfield code="a">7239440 </subfield>
  </datafield>
  <datafield tag="082" ind1=" " ind2=" ">
    <subfield code="a">251</subfield>
    <subfield code="b">&#x62C; &#x648; &#x64A;</subfield>
    <subfield code="2">22</subfield>
  </datafield>
  <datafield tag="100" ind1=" " ind2=" ">
    <subfield code="a">&#x625;&#x645;&#x627;&#x645; &#x627;&#x644;&#x62D;&#x631;&#x645;&#x64A;&#x646; &#x627;&#x644;&#x62C;&#x648;&#x64A;&#x646;&#x64A;&#x60C; &#x639;&#x628;&#x62F; &#x627;&#x644;&#x645;&#x644;&#x643; &#x628;&#x646; &#x639;&#x628;&#x62F; &#x627;&#x644;&#x644;&#x647;</subfield>
    <subfield code="9">355</subfield>
    <subfield code="d">1028-1085 &#x645;</subfield>
  </datafield>
  <datafield tag="245" ind1=" " ind2=" ">
    <subfield code="a">&#x627;&#x644;&#x643;&#x627;&#x641;&#x64A;&#x629; &#x641;&#x64A; &#x627;&#x644;&#x62C;&#x62F;&#x644; :</subfield>
    <subfield code="b">&#x644;&#x644;&#x62C;&#x648;&#x64A;&#x646;&#x64A; &#x625;&#x645;&#x627;&#x645; &#x627;&#x644;&#x62D;&#x631;&#x645;&#x64A;&#x646; /</subfield>
    <subfield code="c"> &#x62A;&#x62D;&#x642;&#x64A;&#x642; &#x641;&#x648;&#x642;&#x64A;&#x629; &#x62D;&#x633;&#x64A;&#x646; &#x645;&#x62D;&#x645;&#x648;&#x62F;</subfield>
  </datafield>
  <datafield tag="260" ind1=" " ind2=" ">
    <subfield code="a">&#x627;&#x644;&#x642;&#x627;&#x647;&#x631;&#x629;  :</subfield>
    <subfield code="b">&#x639;&#x64A;&#x633;&#x64A; &#x627;&#x644;&#x628;&#x627;&#x628;&#x64A; &#x627;&#x644;&#x62D;&#x644;&#x628;&#x64A;,1979.</subfield>
    <subfield code="c">1979.</subfield>
  </datafield>
  <datafield tag="300" ind1=" " ind2=" ">
    <subfield code="a">659 &#x635; ;</subfield>
    <subfield code="c">24&#x633;&#x645; </subfield>
  </datafield>
  <datafield tag="504" ind1=" " ind2=" ">
    <subfield code="a">&#x64A;&#x62D;&#x62A;&#x648;&#x64A; &#x639;&#x644;&#x64A; &#x628;&#x628;&#x644;&#x64A;&#x648;&#x62C;&#x631;&#x627;&#x641;&#x64A;&#x629; &#x635; 623-630 &#x648;&#x641;&#x647;&#x627;&#x631;&#x633;</subfield>
  </datafield>
  <datafield tag="511" ind1=" " ind2=" ">
    <subfield code="a">Catalogued by: Sara</subfield>
  </datafield>
  <datafield tag="650" ind1=" " ind2=" ">
    <subfield code="a">&#x627;&#x644;&#x641;&#x642;&#x647; &#x627;&#x644;&#x625;&#x633;&#x644;&#x627;&#x645;&#x64A;&#x60C; &#x623;&#x635;&#x648;&#x644;</subfield>
    <subfield code="9">15064</subfield>
  </datafield>
  <datafield tag="650" ind1=" " ind2=" ">
    <subfield code="a">&#x627;&#x644;&#x642;&#x64A;&#x627;&#x633;</subfield>
    <subfield code="9">15070</subfield>
  </datafield>
  <datafield tag="650" ind1=" " ind2=" ">
    <subfield code="a">&#x627;&#x644;&#x625;&#x62C;&#x645;&#x627;&#x639;</subfield>
    <subfield code="9">15066</subfield>
  </datafield>
  <datafield tag="700" ind1=" " ind2=" ">
    <subfield code="a">&#x645;&#x62D;&#x645;&#x648;&#x62F;&#x60C; &#x641;&#x648;&#x642;&#x64A;&#x629; &#x62D;&#x633;&#x64A;&#x646;</subfield>
    <subfield code="9">202</subfield>
  </datafield>
  <datafield tag="942" ind1=" " ind2=" ">
    <subfield code="c">BB</subfield>
    <subfield code="k">251&#x62C; &#x648; &#x64A;</subfield>
    <subfield code="2">ddc</subfield>
  </datafield>
  <datafield tag="999" ind1=" " ind2=" ">
    <subfield code="c">5880</subfield>
    <subfield code="d">5880</subfield>
  </datafield>
  <datafield tag="952" ind1=" " ind2=" ">
    <subfield code="0">0</subfield>
    <subfield code="1">0</subfield>
    <subfield code="2">ddc</subfield>
    <subfield code="4">0</subfield>
    <subfield code="7">0</subfield>
    <subfield code="8"> </subfield>
    <subfield code="a">MAIN</subfield>
    <subfield code="b">MAIN</subfield>
    <subfield code="c">LOW</subfield>
    <subfield code="d">2007-11-07</subfield>
    <subfield code="e">purchase</subfield>
    <subfield code="o">251 &#x625;&#x645;&#x627;</subfield>
    <subfield code="p">000007614</subfield>
    <subfield code="r">2025-07-15 00:00:00</subfield>
    <subfield code="y">BB</subfield>
  </datafield>
</record>
